000
00191nam a2200085Ia 4500
008
120527s9999 xx 000 0 und d
100
_a
Sehiller, R.
245
_a
The microeconomics
942
_c
BK
999
_c
27142
_d
27142